000 00632nam a2200229Ia 4500
003 OSt
005 20220928120753.0
006 a|||||r|||| 00| 0
007 ta
008 220927b |||||||| |||| 00| 0 eng d
024 _a47190
037 _cTextual
040 _aSDCL
_cSDCL
_beng
041 _2eng
_aeng
082 _aV73:1944Q7'N6, M2
100 _aVenkataraman M S
_9451033
245 0 _aAmerican role in Pakistan, 1947-1958
260 _aNew Delhi
_bRadiant Publishers
_c1982
300 _axii,480p
_ccm.
942 _hV73:1944Q7'N6, M2
_cTEXL
_2CC
999 _c765158
_d765158